| 000 | 01076cam a2200349Mi 4500 | ||
|---|---|---|---|
| 001 | on1023735551 | ||
| 003 | TZ-ArACH | ||
| 005 | 20220404125121.0 | ||
| 008 | 180223s2018 xx b 001 0 eng d | ||
| 015 |
_aGBB872145 _2bnb |
||
| 016 | 7 |
_a018837690 _2Uk |
|
| 020 | _a1138606545 | ||
| 020 | _a9781138606548 | ||
| 029 | 1 |
_aUKMGB _b018837690 |
|
| 035 | _a(OCoLC)1023735551 | ||
| 040 | _cTZ-ArACH | ||
| 043 |
_ae------ _ae-mm--- |
||
| 049 | _aTZAA | ||
| 100 | 1 | _aSAVVIDIS, CAROLINE. | |
| 245 | 1 | 0 |
_aCOURT DELAY AND HUMAN RIGHTS REMEDIES : _benforcing the right to a fair hearing 'within a ... reasonable time'. |
| 260 |
_a[Place of publication not identified] _bROUTLEDGE, _c2018. |
||
| 300 |
_a1 volume ; _c24 cm |
||
| 504 | _aIncludes bibliographical references and index. | ||
| 610 | 2 | 0 | _aEuropean Court of Human Rights. |
| 610 | 2 | 7 |
_aEuropean Court of Human Rights. _2fast |
| 650 | 0 |
_aSpeedy trial _zEurope. |
|
| 650 | 0 |
_aSpeedy trial _zMalta. |
|
| 650 | 7 |
_aSpeedy trial. _2fast |
|
| 651 | 7 |
_aEurope. _2fast |
|
| 651 | 7 |
_aMalta. _2fast |
|
| 942 |
_2lcc _cBOOK |
||
| 999 |
_c6678 _d6678 |
||